000 01185nam a22002777a 4500
003 BD-DhSAU
005 20200108115822.0
008 160718b2018 bg ||||| |||| 001 0 eng d
040 _aBD-DhSAU
082 _222
_a581.35
_bM745
100 _aMondal , Susmita
_eRegistration # 11-04368
245 _aGenotype and Environment interactions in yield contributing characters of Mustard (Brassica rapa L.) /
_bMS thesis
_cSusmita Mondal
260 _aSher-e-Bangla Agricultural University:
_bDepartment of Genetics and Plant Breeding,
_c2018
300 _ax, 76 p. :
_bill. ;
_c30 cm.
500 _aMS thesis , Department of Genetics and Plant Breeding, Faculty of Agriculture, Sher-e-Bangla Agricultural University, Dhaka, Bangladesh
504 _aIncludes Bibliographical Reference
590 _aShofi
650 _aGenetics and Plant Breeding
650 _aGenotype
650 _aEnvironment interaction
650 _aMustard (Brassica rapa L.)
700 _aRahman , Jamilur
_eSupervisor
700 _aBhuiyan , Shahidur Rashid
_eCo-Supervisor
856 _uhttp://archive.saulibrary.edu.bd:8080/xmlui/handle/123456789/2877
_yOnline Access
942 _2ddc
_cTHESIS
999 _c14787
_d14786